| 000 | 01350cam a2200349 a 4500 | ||
|---|---|---|---|
| 001 | 12254373 | ||
| 003 | OSt | ||
| 005 | 20140410084155.0 | ||
| 008 | 001211s2001 nyu c 000 1 eng | ||
| 010 | _a 00054233 | ||
| 020 | _a0439569869 | ||
| 020 | _a006029289X (lib. bdg.) | ||
| 040 |
_aDLC _cDLC _dDLC |
||
| 042 |
_apcc _alcac |
||
| 050 | 0 | 0 |
_aPZ 7 _b.C8615Lo 2003 |
| 082 | 0 | 0 | _a[Fic] |
| 100 | 1 |
_aCreech, Sharon. _94774 |
|
| 245 | 1 | 0 |
_aLove that dog / _cSharon Creech. |
| 260 |
_aNew York : _bHarperCollins, _c2003 |
||
| 300 |
_a86 p. ; _ccm. |
||
| 520 | _aA young student, who comes to love poetry through a personal understanding of what different famous poems mean to him, surprises himself by writing his own inspired poem. | ||
| 521 | _aG9 | ||
| 526 | _c1010 | ||
| 650 | 1 |
_aPoetry _vFiction. _926799 |
|
| 650 | 1 |
_aNovels in verse. _918674 |
|
| 856 | 4 | 2 |
_3Publisher description _uhttp://www.loc.gov/catdir/description/hc043/00054233.html |
| 856 | 4 | 2 |
_3Contributor biographical information _uhttp://www.loc.gov/catdir/enhancements/fy0910/00054233-b.html |
| 906 |
_a7 _bcbc _corignew _d1 _eocip _f20 _gy-gencatlg |
||
| 942 |
_2lcc _cBK |
||
| 999 |
_c34268 _d34268 |
||